[Event "Magistral La Razon 2012"]
[Site "Villa Martelli ARG"]
[Date "2012.10.24"]
[Round "2.2"]
[White "Mekhitarian, K."]
[Black "Lorenzini, M."]
[Result "1-0"]
[WhiteElo "2503"]
[BlackElo "2484"]
[PlyCount "73"]
[EventDate "2012.10.23"]
[SourceDate "1999.07.01"]

1. e4 e5 2. Nf3 Nc6 3. Bb5 Bc5 4. c3 f5 5. d4 fxe4 6. Nfd2 Bb6 7. Bxc6 bxc6 8.
Qh5+ Kf8 9. Qxe5 Nf6 10. O-O Kf7 11. Nxe4 Re8 12. Ng5+ Kg8 13. Qf4 Ba6 14. Rd1
h6 15. Nh3 Nh5 16. Qf5 Be2 17. Re1 Bg4 18. Rxe8+ Qxe8 19. Qd3 Bxh3 20. gxh3
Qe1+ 21. Qf1 Qe6 22. Be3 Rf8 23. Nd2 Rf6 24. Kh1 c5 25. dxc5 Bxc5 26. Bxc5 Qd5+
27. Qg2 Qxd2 28. Qa8+ Kh7 29. Qe4+ g6 30. Qe7+ Kg8 31. Qe8+ Kh7 32. Bd4 Qf4 33.
Bxf6 Nxf6 34. Qf7+ Kh8 35. Re1 Qf3+ 36. Kg1 Qf5 37. Qf8+ 1-0

[Event "40th Olympiad Open"]
[Site "Istanbul TUR"]
[Date "2012.09.09"]
[Round "11.13"]
[White "Mastrovasilis, D."]
[Black "Godena, M."]
[Result "0-1"]
[WhiteElo "2618"]
[BlackElo "2516"]
[PlyCount "226"]
[EventDate "2012.08.28"]
[SourceDate "1999.07.01"]
[WhiteTeam "Greece"]
[BlackTeam "Italy"]
[WhiteTeamCountry "KGZ"]
[BlackTeamCountry "MYA"]

1. e4 e5 2. Nf3 Nc6 3. Bb5 Bc5 4. O-O Nd4 5. Nxd4 Bxd4 6. c3 Bb6 7. d4 c6 8.
Ba4 d6 9. d5 Ne7 10. Bg5 f6 11. Bh4 O-O 12. Bb3 Kh8 13. Na3 Bc5 14. Nc2 Qb6 15.
Rb1 a5 16. Kh1 a4 17. Bc4 cxd5 18. Bxd5 Nxd5 19. Qxd5 Qc6 20. Ne3 Bxe3 21. fxe3
Bg4 22. Rf2 Bh5 23. h3 Ra6 24. b4 axb3 25. Rxb3 Bf7 26. Qxc6 bxc6 27. Rb7 Rxa2
28. Rxa2 Bxa2 29. Rc7 c5 30. Rd7 Bb1 31. Rxd6 Bxe4 32. Ra6 Rd8 33. Ra4 Bb7 34.
Ra7 Rd1+ 35. Kh2 Rb1 36. Bf2 Rb2 37. Kg1 Rb1+ 38. Kh2 Rb2 39. Kg1 Rb3 40. c4
Rb1+ 41. Kh2 Rb2 42. Kg1 h5 43. e4 Bxe4 44. Rc7 Rb1+ 45. Kh2 Rb2 46. Kg1 Kh7
47. h4 Rb1+ 48. Kh2 Rb2 49. Kg1 Rc2 50. Rxc5 Bd3 51. Rc7 Bxc4 52. Bg3 Kg6 53.
Kh2 Rc1 54. Rc6 Kf5 55. Rc7 g6 56. Rc6 Rc2 57. Kh3 Rc3 58. Kh2 Rc1 59. Rc5 Rc2
60. Kh3 Ke4 61. Kh2 Kd4 62. Rc8 Ra2 63. Kg1 Ra1+ 64. Kh2 Ra2 65. Kg1 Bd5 66.
Bf2+ Ke4 67. Rf8 Kf5 68. Rd8 Be4 69. Rd6 Ra1+ 70. Kh2 Ra2 71. Kg1 g5 72. hxg5
fxg5 73. Rd8 Ra1+ 74. Kh2 Ra2 75. Kg1 h4 76. Rf8+ Kg4 77. Re8 Kf5 78. Rf8+ Kg4
79. Re8 Ra5 80. Kh2 Bc6 81. Re6 Ba8 82. Re8 Ra2 83. Kg1 Ra1+ 84. Kh2 Ra2 85.
Kg1 Kf5 86. Rf8+ Kg6 87. Rg8+ Kh6 88. Rh8+ Kg7 89. Re8 Ra1+ 90. Kh2 Ra2 91. Kg1
Ra1+ 92. Kh2 Ra5 93. Re7+ Kf6 94. Ra7 Rxa7 95. Bxa7 g4 96. Bb6 Kg5 97. Bd8+ Kh5
98. Kg1 g3 99. Bc7 e4 100. Bb6 Bc6 101. Kf1 Kg4 102. Be3 Bb5+ 103. Kg1 Be2 104.
Bc5 Bf3 105. Bb6 Bxg2 106. Kxg2 h3+ 107. Kg1 Kf3 108. Bc5 e3 109. Bb6 h2+ 110.
Kh1 Kf2 111. Bxe3+ Kxe3 112. Kg2 h1=Q+ 113. Kxh1 Kf3 0-1